Zákon č.71/1967 Zb. o správnom konaní s výkladom Správny poriadok
Úplné znenie zákona č.71/1967 Zb. z 29. júna 1967 o správnom konaní (správny poriadok, s výkladom. Tento zákon upravuje konanie, v ktorom o právach, právom chránených záujmoch alebo povinnostiach fyzických a právnických osôb rozhodujú v oblasti štátnej správy správne orgány.
Na minha lista:
| Autor principal: | |
|---|---|
| Formato: | Capítulo de Livro |
| Idioma: | eslovaco |
| Assuntos: | |
| Tags: |
Sem tags, seja o primeiro a adicionar uma tag!
|
MARC
| LEADER | 00000naa a2200000 4500 | ||
|---|---|---|---|
| 001 | r016310 | ||
| 005 | 20221213113239.9 | ||
| 041 | 0 | |a slo | |
| 044 | |a SK | ||
| 245 | 1 | 0 | |a Zákon č.71/1967 Zb. o správnom konaní s výkladom |b Správny poriadok |c E. Babiaková |
| 520 | |a Úplné znenie zákona č.71/1967 Zb. z 29. júna 1967 o správnom konaní (správny poriadok, s výkladom. Tento zákon upravuje konanie, v ktorom o právach, právom chránených záujmoch alebo povinnostiach fyzických a právnických osôb rozhodujú v oblasti štátnej správy správne orgány. | ||
| 610 | 2 | 0 | |a právo správne |
| 610 | 2 | 0 | |a zákony |
| 610 | 2 | 0 | |a 1967 |
| 610 | 2 | 0 | |a NZ ČSSR |
| 610 | 2 | 0 | |a orgány štátne |
| 100 | 1 | |a Babiaková, E. | |